Nomenclature & hierarchy. Basic latin american legal sources
-д хадгалсан:
| Үндсэн зохиолч: | |
|---|---|
| Бусад зохиолчид: | |
| Формат: | Ном |
| Хэл сонгох: | англи |
| Хэвлэсэн: |
Washington, D.C
Library of Congress
1979
|
| Нөхцлүүд: | |
| Шошгууд: |
Шошго нэмэх
Шошго байхгүй, Энэхүү баримтыг шошголох эхний хүн болох!
|
MARC
| LEADER | 00000nam a2200000 a 4500 | ||
|---|---|---|---|
| 001 | UCT6935 | ||
| 003 | CL-VaPUC | ||
| 008 | 970113e19790000US |||||||||||||||||eng|d | ||
| 082 | 0 | 4 | |a 340.03 |b MED |2 21 |
| 100 | |a Medina, Rubens |e autor |9 380904 | ||
| 700 | |a Medina Quiroga, Cecilia |e autora |9 760358 | ||
| 245 | 1 | 0 | |a Nomenclature & hierarchy. Basic latin american legal sources |
| 300 | |a 123 p | ||
| 942 | |c BK | ||
| 945 | |d 19970113 00:00:00 |a paguirre | ||
| 260 | |a Washington, D.C |b Library of Congress |c 1979 | ||
| 650 | 0 | |a Vocabularios |9 316229 | |
| 650 | 0 | |a Derecho comparado |9 255664 | |
| 650 | 7 | |a DERECHO |2 CL-VaPUC |9 377376 | |
| 650 | 7 | |a CONCEPTOS DEL DERECHO |2 CL-VaPUC |9 377377 | |
| 651 | 0 | |a América Latina |9 255027 | |
| 583 | |a last modification |c 19970113 00:00:00 |k Rodrigo Vera | ||
| 999 | |c 255604 |d 255602 | ||
| 952 | |0 0 |1 0 |4 0 |6 340_030000000000000_MED_1979 |7 0 |8 F |9 277919 |a BIBDER |b BIBDER |d 2019-11-19 |i 1804464 |o 340.03 MED 1979 |p 1804464 |r 2023-01-25 |w 2019-11-19 |y BK_F |k DER | ||
| 952 | |0 0 |1 0 |4 0 |6 340_030000000000000_MED_1979 |7 0 |8 F |9 277920 |a BIBDER |b BIBDER |d 2019-11-19 |i 1804472 |o 340.03 MED 1979 |p 1804472 |r 2023-01-25 |w 2019-11-19 |y BK_F |k DER | ||